000 00312 a2200109 4500
001 ART_41493
005 20260410162002.0
008 260409a
245 1 0 _aReforma constitucional de 1994
100 1 _aBadeni, Gregorio
773 0 _tPensar en derecho
_g- Año 3, Nº 5 (feb. 2015)
_wREV28996
999 _c31336
_d31336